China's changing map ; national and regional development, 1949-71.

Bibliographic Details
Main Author: Shabad, Theodore
Format: Book
Language:English
Published: New York : Praeger, [1972]
Edition:Completely rev. ed.
Series:Praeger library of Chinese affairs.
Subjects:

MARC

Tag First Indicator Second Indicator Subfields
LEADER 00000cam a2200000 4500
001 in00000282925
005 20151010090904.0
008 720105s1972 nyub b 00100 eng
010 |a  71178868  
035 |a (OCoLC)00221413 
035 |9 ABG4933AM 
037 |c $15.00 
040 |a DLC  |c DLC  |d TXA  |d UtOrBLW 
043 |a a-cc--- 
049 |a TXAM  |c [1023980] 
050 0 0 |a DS777.55  |b .S455 1972 
082 0 |a 330.951/05 
100 1 |a Shabad, Theodore. 
245 1 0 |a China's changing map ;  |b national and regional development, 1949-71. 
250 |a Completely rev. ed. 
264 1 |a New York :  |b Praeger,  |c [1972] 
300 |a xiii, 370 pages :  |b maps. ;  |c 23 cm. 
336 |a text  |b txt  |2 rdacontent 
337 |a unmediated  |b n  |2 rdamedia 
338 |a volume  |b nc  |2 rdacarrier 
490 1 |a Praeger library of Chinese affairs 
504 |a "Methodology and bibliography": pages 337-344. 
650 0 |a Physical geography  |z China. 
651 0 |a China  |x Economic conditions  |y 1949-1976. 
651 0 |a China  |x Politics and government  |y 1949-1976. 
830 0 |a Praeger library of Chinese affairs. 
999 |a MARS 
999 f f |s 5f93bf2b-e8f5-318f-a75d-ac061522afe2  |i 85b59592-d4a1-3362-9b45-64d051991bd1  |t 0 
952 f f |p ric  |a Texas A&M University  |b Rellis Campus  |c Joint Library Facility  |d Remote Storage  |t 0  |e DS777.55 .S455 1972  |h Library of Congress classification  |i unmediated -- volume  |m A14802073836 
998 f f |a DS777.55 .S455 1972  |t 0  |l Remote Storage